The effect of class size on academic performance of grade 11 Mathematics students in Luanshya District (Record no. 41191)

MARC details
000 -LEADER
fixed length control field 00730nam a2200157 a 4500
008 - FIXED-LENGTH DATA ELEMENTS--GENERAL INFORMATION
fixed length control field 220228s2019 ||||||||||||||||| || u
050 ## - LIBRARY OF CONGRESS CALL NUMBER
Classification number CBU-PG THESIS/BWA
100 ## - MAIN ENTRY--PERSONAL NAME
Personal name Bwalya, Andrew
245 14 - TITLE STATEMENT
Title The effect of class size on academic performance of grade 11 Mathematics students in Luanshya District
Statement of responsibility, etc. By Andrew Bwalya
260 ## - PUBLICATION, DISTRIBUTION, ETC.
Place of publication, distribution, etc. Kitwe
Name of publisher, distributor, etc. Copperbelt University
Date of publication, distribution, etc. 2019
300 ## - PHYSICAL DESCRIPTION
Extent xii, 73 pages : illustrations
650 ## - SUBJECT ADDED ENTRY--TOPICAL TERM
Topical term or geographic name entry element CLASS SIZE VS ACADEMIC PERFORMANCE - MATHEMATICS
650 ## - SUBJECT ADDED ENTRY--TOPICAL TERM
Topical term or geographic name entry element CONCEPT OF CLASS SIZE - MATHEMATICS
650 ## - SUBJECT ADDED ENTRY--TOPICAL TERM
Topical term or geographic name entry element STUDENTS' ACADEMIC PERFORMANCE - MATHEMATICS
995 ## - RECOMMENDATION 995 [LOCAL, UNIMARC FRANCE]
-- CBU-MAIN LIBRARY (Kitwe)
-- 1
-- AVAILABLE
-- Nov 3, 2022
-- University Collection
Holdings
Withdrawn status Lost status Source of classification or shelving scheme Damaged status Not for loan Home library Current library Shelving location Date acquired Total Checkouts Full call number Barcode Date last seen Price effective from Koha item type
          CBU-MAIN LIBRARY, KITWE. CBU-MAIN LIBRARY, KITWE.   11/30/2022   CBU-PG THESIS/BWA B5128 11/30/2022 11/30/2022 MONOGRAPH